Chansons de Klem Schen - Statistiques

Statistiques générales
  • Ce quiz a été pris 46 fois
  • Le résultat moyen est 46 sur 101
Statistiques - réponses
Titres % Correct
Message
100%
Klem
90%
Vide
80%
Coeur
73%
Nuit
73%
Larmes
70%
Maladie Mentale
70%
Marie Jeanne
70%
Rupture
70%
Sangtiments
70%
Vision
70%
Coeur Vide
67%
Entaillé
67%
Déprime
63%
Avant
60%
Clement
57%
Deux fantômes
53%
Estime
53%
Mal aimée
53%
Neurasthenie
53%
Putain Klem
53%
Rêve
53%
Vision lunaire
53%
Hiver
50%
Naufragé
50%
ROSE
50%
Ton charme
50%
Bague
47%
Canada
47%
MANO
47%
Etouffé
47%
Loin de tout
47%
Mano 2
47%
Mensuel
47%
Peaky Blinders
47%
Trop tard...
47%
Addiction
43%
Aime moi
43%
Antidote
43%
Autre monde
43%
Balle
43%
Bonne drogue
43%
De l'amour à la mort
43%
Deuil
43%
FIX
43%
Folie
43%
Insomnie
43%
Interlude
43%
Miroir
43%
Miséricorde
43%
Paradoxal
43%
Parano
43%
Sangtiments 2
43%
Saturne
43%
Temps d'avant
43%
Vision claire
43%
Vision d'elle
43%
969
40%
Amour paternel
40%
Avant c'était si beau
40%
C'est qu'un album
40%
Etrange
40%
J'admire
40%
J'avance
40%
Ma chérie
40%
Mon Monde
40%
Namek
40%
Retrouve moi
40%
Routine
40%
Seul
40%
Sexe Love
40%
Sexe Love 2
40%
Somme
40%
Temps glacial
40%
Vision solitaire
40%
Amou-rir
37%
Aucun effet
37%
ELLE
37%
J'tourne
37%
Mauvais schema
37%
Morose
37%
Nous deux
37%
Sans rien
37%
Vision différente
37%
Ah ouais
33%
Cierna
33%
CORPS
33%
D'hier à demain
33%
On s'attire
33%
Sale décors
33%
Sans arrêt
33%
Bye
30%
Dans la ville
30%
Domaine
30%
Freemye
30%
Rose au noir
30%
Mauvais actes
27%
Regard
27%
Sombre histoire
27%
Je me taille
20%
Aucun quiz correspondant
Distribution des résultats
% des personnes avec chaque résultat
Percentile par nombre de réponses
Votre historique - résultats
Vous n’avez pas pris ce quiz